[Event "DEM U14 2025"]
[Site "Willingen GER"]
[Date "2025.06.10"]
[Round "4"]
[White "Mohylnyi, Stepan"]
[Black "Bundan, Edward"]
[Result "1-0"]
[Termination "normal"]
[Board "5"]
[WhiteTitle "FM"]
[WhiteElo "2314"]
[BlackElo "2038"]
[WhiteClock "00:55:40"]
[BlackClock "00:25:09"]
[PlyCount "77"]
[WhiteFideId "34127836"]
[BlackFideId "34603042"]
[EventCountry "GER"]
[EventRounds "9"]
[EventType "swiss"]
[EventDate "2025.06.07"]

1. e4 {[%clk 01:30:55]} {[%emt 00:00:05]} c5 {[%clk 01:30:55]} {[%emt
00:00:06]} 2. Nf3 {[%clk 01:31:11]} {[%emt 00:00:14]} Nc6 {[%clk 01:31:17]}
{[%emt 00:00:08]} 3. d4 {[%clk 01:31:36]} {[%emt 00:00:04]} cxd4 {[%clk
01:31:42]} {[%emt 00:00:05]} 4. Nxd4 {[%clk 01:32:04]} {[%emt 00:00:03]} Nf6
{[%clk 01:32:05]} {[%emt 00:00:07]} 5. Nc3 {[%clk 01:32:30]} {[%emt 00:00:03]}
e5 {[%clk 01:32:29]} {[%emt 00:00:07]} 6. Ndb5 {[%clk 01:32:57]} {[%emt
00:00:03]} d6 {[%clk 01:32:53]} {[%emt 00:00:06]} 7. Nd5 {[%clk 01:33:24]}
{[%emt 00:00:03]} Nxd5 {[%clk 01:33:16]} {[%emt 00:00:07]} 8. exd5 {[%clk
01:33:52]} {[%emt 00:00:03]} Nb8 {[%clk 01:33:38]} {[%emt 00:00:08]} 9. c4
{[%clk 01:34:18]} {[%emt 00:00:03]} Be7 {[%clk 01:33:59]} {[%emt 00:00:08]} 10.
Bd3 {[%clk 01:34:45]} {[%emt 00:00:03]} O-O {[%clk 01:34:04]} {[%emt 00:00:26]}
11. O-O {[%clk 01:35:09]} {[%emt 00:00:06]} a6 {[%clk 01:34:27]} {[%emt
00:00:08]} 12. Nc3 {[%clk 01:35:35]} {[%emt 00:00:04]} f5 {[%clk 01:34:51]}
{[%emt 00:00:05]} 13. f3 {[%clk 01:36:02]} {[%emt 00:00:03]} Nd7 {[%clk
01:34:34]} {[%emt 00:00:47]} 14. Be3 {[%clk 01:36:18]} {[%emt 00:00:14]} Bg5
{[%clk 01:32:52]} {[%emt 00:02:12]} 15. Bf2 {[%clk 01:32:57]} {[%emt 00:03:51]}
Qf6 {[%clk 01:30:53]} {[%emt 00:02:29]} 16. Qc2 {[%clk 01:31:27]} {[%emt
00:01:59]} b6 {[%clk 01:15:36]} {[%emt 00:15:48]} 17. b4 {[%clk 01:24:52]}
{[%emt 00:07:05]} g6 {[%clk 01:08:47]} {[%emt 00:07:19]} 18. Na4 {[%clk
01:19:06]} {[%emt 00:06:16]} a5 {[%clk 01:00:09]} {[%emt 00:09:08]} 19. a3
{[%clk 01:15:23]} {[%emt 00:04:13]} axb4 {[%clk 00:59:45]} {[%emt 00:00:54]}
20. axb4 {[%clk 01:15:49]} {[%emt 00:00:04]} e4 {[%clk 00:55:19]} {[%emt
00:04:55]} 21. fxe4 {[%clk 01:03:27]} {[%emt 00:12:52]} f4 {[%clk 00:55:26]}
{[%emt 00:00:24]} 22. Qc3 {[%clk 01:00:43]} {[%emt 00:03:14]} Qxc3 {[%clk
00:54:22]} {[%emt 00:01:35]} 23. Nxc3 {[%clk 01:00:53]} {[%emt 00:00:20]} Rxa1
{[%clk 00:52:19]} {[%emt 00:02:32]} 24. Rxa1 {[%clk 01:01:18]} {[%emt
00:00:05]} Bf6 {[%clk 00:52:37]} {[%emt 00:00:12]} 25. Ra3 {[%clk 01:01:42]}
{[%emt 00:00:05]} Bxc3 {[%clk 00:50:22]} {[%emt 00:02:46]} 26. Rxc3 {[%clk
00:59:50]} {[%emt 00:02:22]} Bb7 {[%clk 00:45:39]} {[%emt 00:05:13]} 27. Ra3
{[%clk 00:55:04]} {[%emt 00:05:16]} Ra8 {[%clk 00:44:43]} {[%emt 00:01:26]} 28.
Rxa8+ {[%clk 00:55:08]} {[%emt 00:00:25]} Bxa8 {[%clk 00:45:08]} {[%emt
00:00:05]} 29. Bc2 {[%clk 00:55:29]} {[%emt 00:00:10]} Ne5 {[%clk 00:42:37]}
{[%emt 00:03:00]} 30. Bb3 {[%clk 00:55:52]} {[%emt 00:00:07]} Nd7 {[%clk
00:30:07]} {[%emt 00:13:00]} 31. Ba4 {[%clk 00:54:33]} {[%emt 00:01:50]} Ne5
{[%clk 00:30:06]} {[%emt 00:00:31]} 32. Bb5 {[%clk 00:54:59]} {[%emt 00:00:04]}
Kf7 {[%clk 00:28:30]} {[%emt 00:02:06]} 33. Bxb6 {[%clk 00:54:46]} {[%emt
00:00:43]} Ke7 {[%clk 00:27:12]} {[%emt 00:01:48]} 34. c5 {[%clk 00:54:59]}
{[%emt 00:00:17]} Bb7 {[%clk 00:26:50]} {[%emt 00:00:52]} 35. Bc7 {[%clk
00:55:06]} {[%emt 00:00:23]} Nf7 {[%clk 00:26:43]} {[%emt 00:00:37]} 36. c6
{[%clk 00:54:54]} {[%emt 00:00:41]} Bc8 {[%clk 00:26:45]} {[%emt 00:00:29]} 37.
Be2 {[%clk 00:55:21]} {[%emt 00:00:04]} Ng5 {[%clk 00:25:06]} {[%emt 00:02:08]}
38. Bd3 {[%clk 00:55:23]} {[%emt 00:00:28]} f3 {[%clk 00:25:09]} {[%emt
00:00:27]} 39. b5 {[%clk 00:55:40]} {[%emt 00:00:12]} 1-0

[Event "DEM U14 2025"]
[Site "Willingen GER"]
[Date "2025.06.10"]
[Round "4"]
[White "Stephanblome, Felix"]
[Black "Stehning, Toni"]
[Result "1-0"]
[Termination "normal"]
[Board "6"]
[WhiteElo "2022"]
[BlackElo "1873"]
[WhiteClock "00:10:38"]
[BlackClock "00:21:05"]
[PlyCount "87"]
[WhiteFideId "34661026"]
[BlackFideId "34623477"]
[EventCountry "GER"]
[EventRounds "9"]
[EventType "swiss"]
[EventDate "2025.06.07"]

1. d4 {[%clk 01:30:53]} {[%emt 00:00:06]} Nf6 {[%clk 01:30:17]} {[%emt
00:00:43]} 2. c4 {[%clk 01:31:09]} {[%emt 00:00:14]} e6 {[%clk 01:30:42]}
{[%emt 00:00:05]} 3. Nc3 {[%clk 01:31:32]} {[%emt 00:00:07]} Bb4 {[%clk
01:31:07]} {[%emt 00:00:06]} 4. Bd2 {[%clk 01:31:58]} {[%emt 00:00:03]} c5
{[%clk 01:31:30]} {[%emt 00:00:07]} 5. a3 {[%clk 01:32:19]} {[%emt 00:00:09]}
Bxc3 {[%clk 01:31:55]} {[%emt 00:00:05]} 6. Bxc3 {[%clk 01:32:43]} {[%emt
00:00:06]} Ne4 {[%clk 01:32:15]} {[%emt 00:00:10]} 7. Rc1 {[%clk 01:33:05]}
{[%emt 00:00:07]} Qh4 {[%clk 01:32:32]} {[%emt 00:00:14]} 8. g3 {[%clk
01:32:39]} {[%emt 00:00:56]} Nxc3 {[%clk 01:32:51]} {[%emt 00:00:11]} 9. bxc3
{[%clk 01:32:26]} {[%emt 00:00:44]} Qe7 {[%clk 01:33:08]} {[%emt 00:00:13]} 10.
Nf3 {[%clk 01:30:16]} {[%emt 00:02:39]} d6 {[%clk 01:28:49]} {[%emt 00:04:49]}
11. Bg2 {[%clk 01:28:30]} {[%emt 00:02:16]} O-O {[%clk 01:28:26]} {[%emt
00:00:53]} 12. O-O {[%clk 01:27:23]} {[%emt 00:01:37]} Nd7 {[%clk 01:26:23]}
{[%emt 00:02:33]} 13. Qd3 {[%clk 01:22:59]} {[%emt 00:04:54]} e5 {[%clk
01:23:44]} {[%emt 00:03:09]} 14. e4 {[%clk 01:12:34]} {[%emt 00:10:55]} Nb6
{[%clk 01:15:47]} {[%emt 00:08:27]} 15. Nh4 {[%clk 01:07:17]} {[%emt 00:05:48]}
Be6 {[%clk 01:09:24]} {[%emt 00:06:53]} 16. d5 {[%clk 01:04:49]} {[%emt
00:02:58]} Bd7 {[%clk 01:09:44]} {[%emt 00:00:10]} 17. f4 {[%clk 01:03:20]}
{[%emt 00:01:59]} f6 {[%clk 01:09:37]} {[%emt 00:00:37]} 18. Rf2 {[%clk
00:56:34]} {[%emt 00:07:16]} Rf7 {[%clk 00:51:18]} {[%emt 00:18:49]} 19. Rcf1
{[%clk 00:50:38]} {[%emt 00:06:26]} Raf8 {[%clk 00:50:23]} {[%emt 00:01:25]}
20. f5 {[%clk 00:46:32]} {[%emt 00:04:36]} Rb8 {[%clk 00:45:52]} {[%emt
00:05:01]} 21. Bf3 {[%clk 00:44:14]} {[%emt 00:02:47]} Ba4 {[%clk 00:45:29]}
{[%emt 00:00:54]} 22. Rb2 {[%clk 00:35:14]} {[%emt 00:09:30]} Qc7 {[%clk
00:44:08]} {[%emt 00:01:50]} 23. Bh5 {[%clk 00:30:30]} {[%emt 00:05:15]} Re7
{[%clk 00:42:21]} {[%emt 00:02:17]} 24. Kh1 {[%clk 00:29:31]} {[%emt 00:01:28]}
Be8 {[%clk 00:41:29]} {[%emt 00:01:23]} 25. Bxe8 {[%clk 00:29:35]} {[%emt
00:00:26]} Rexe8 {[%clk 00:41:53]} {[%emt 00:00:06]} 26. g4 {[%clk 00:29:14]}
{[%emt 00:00:52]} Nd7 {[%clk 00:40:43]} {[%emt 00:01:39]} 27. Rg1 {[%clk
00:26:54]} {[%emt 00:02:49]} h6 {[%clk 00:31:56]} {[%emt 00:09:18]} 28. Nf3
{[%clk 00:26:05]} {[%emt 00:01:18]} b5 {[%clk 00:31:11]} {[%emt 00:01:16]} 29.
cxb5 {[%clk 00:24:03]} {[%emt 00:02:33]} c4 {[%clk 00:31:33]} {[%emt 00:00:08]}
30. Qe3 {[%clk 00:21:19]} {[%emt 00:03:14]} Qc5 {[%clk 00:30:53]} {[%emt
00:01:09]} 31. Qd2 {[%clk 00:20:48]} {[%emt 00:01:01]} Rxb5 {[%clk 00:30:51]}
{[%emt 00:00:31]} 32. Rxb5 {[%clk 00:21:02]} {[%emt 00:00:16]} Qxb5 {[%clk
00:31:15]} {[%emt 00:00:06]} 33. g5 {[%clk 00:21:20]} {[%emt 00:00:12]} h5
{[%clk 00:23:56]} {[%emt 00:07:49]} 34. gxf6 {[%clk 00:11:17]} {[%emt
00:10:33]} Nxf6 {[%clk 00:24:06]} {[%emt 00:00:21]} 35. Qg5 {[%clk 00:10:47]}
{[%emt 00:01:00]} Ng4 {[%clk 00:24:25]} {[%emt 00:00:11]} 36. h3 {[%clk
00:10:52]} {[%emt 00:00:24]} Nf2+ {[%clk 00:24:36]} {[%emt 00:00:19]} 37. Kh2
{[%clk 00:11:09]} {[%emt 00:00:14]} Qd7 {[%clk 00:24:22]} {[%emt 00:00:45]} 38.
Qe3 {[%clk 00:10:33]} {[%emt 00:01:05]} Nd3 {[%clk 00:22:08]} {[%emt 00:02:44]}
39. f6 {[%clk 00:10:43]} {[%emt 00:00:20]} Qa4 {[%clk 00:22:30]} {[%emt
00:00:08]} 40. Rxg7+ {[%clk 00:09:52]} Kf8 {[%clk 00:22:56]} {[%emt 00:01:25]}
41. Rg8+ {[%clk 00:09:43]} {[%emt 00:00:38]} Kf7 {[%clk 00:23:08]} {[%emt
00:00:18]} 42. Rg7+ {[%clk 00:10:03]} {[%emt 00:00:09]} Kf8 {[%clk 00:23:31]}
{[%emt 00:00:09]} 43. Qh6 {[%clk 00:10:17]} {[%emt 00:00:15]} Qc2+ {[%clk
00:21:05]} {[%emt 00:02:57]} 44. Rg2+ {[%clk 00:10:38]} {[%emt 00:00:09]} 1-0

[Event "DEM U14 2025"]
[Site "Willingen GER"]
[Date "2025.06.10"]
[Round "4"]
[White "Vranckx, Oscar"]
[Black "Sasse, Conan"]
[Result "1-0"]
[Termination "normal"]
[Board "7"]
[WhiteElo "2018"]
[BlackElo "1872"]
[WhiteClock "01:29:35"]
[BlackClock "00:18:17"]
[PlyCount "131"]
[WhiteFideId "34608788"]
[BlackFideId "34684336"]
[EventCountry "GER"]
[EventRounds "9"]
[EventType "swiss"]
[EventDate "2025.06.07"]

1. e4 {[%clk 01:30:58]} {[%emt 00:00:01]} e5 {[%clk 01:30:48]} {[%emt
00:00:13]} 2. Nf3 {[%clk 01:31:20]} {[%emt 00:00:07]} Nc6 {[%clk 01:31:07]}
{[%emt 00:00:11]} 3. Bc4 {[%clk 01:31:39]} {[%emt 00:00:11]} Nf6 {[%clk
01:31:11]} {[%emt 00:00:26]} 4. d3 {[%clk 01:32:04]} {[%emt 00:00:05]} Bc5
{[%clk 01:30:58]} {[%emt 00:00:43]} 5. O-O {[%clk 01:32:21]} {[%emt 00:00:13]}
h6 {[%clk 01:30:36]} {[%emt 00:00:53]} 6. c3 {[%clk 01:32:41]} {[%emt
00:00:10]} Bb6 {[%clk 01:28:46]} {[%emt 00:02:20]} 7. Be3 {[%clk 01:29:29]}
{[%emt 00:03:41]} O-O {[%clk 01:23:12]} {[%emt 00:06:04]} 8. Nbd2 {[%clk
01:27:26]} {[%emt 00:02:33]} d5 {[%clk 01:15:28]} {[%emt 00:08:14]} 9. Bxb6
{[%clk 01:18:52]} {[%emt 00:09:05]} axb6 {[%clk 01:13:21]} {[%emt 00:02:37]}
10. Bb5 {[%clk 01:17:46]} {[%emt 00:01:36]} dxe4 {[%clk 01:06:27]} {[%emt
00:07:24]} 11. dxe4 {[%clk 01:18:04]} {[%emt 00:00:12]} Qe7 {[%clk 00:59:50]}
{[%emt 00:07:06]} 12. Qc2 {[%clk 01:16:47]} {[%emt 00:01:47]} Bg4 {[%clk
00:53:32]} {[%emt 00:06:48]} 13. h3 {[%clk 01:14:57]} {[%emt 00:02:21]} Bxf3
{[%clk 00:52:10]} {[%emt 00:01:52]} 14. Nxf3 {[%clk 01:15:19]} {[%emt
00:00:07]} Qc5 {[%clk 00:48:47]} {[%emt 00:03:54]} 15. Bd3 {[%clk 01:11:25]}
{[%emt 00:04:23]} b5 {[%clk 00:41:07]} {[%emt 00:08:10]} 16. b4 {[%clk
01:11:35]} {[%emt 00:00:20]} Qb6 {[%clk 00:41:14]} {[%emt 00:00:22]} 17. Qe2
{[%clk 01:11:49]} {[%emt 00:00:16]} Nh5 {[%clk 00:41:14]} {[%emt 00:00:31]} 18.
Qe3 {[%clk 01:10:17]} {[%emt 00:02:02]} Qxe3 {[%clk 00:36:53]} {[%emt
00:04:51]} 19. fxe3 {[%clk 01:08:10]} {[%emt 00:02:37]} Ra3 {[%clk 00:33:22]}
{[%emt 00:04:01]} 20. Rfc1 {[%clk 01:08:07]} {[%emt 00:00:33]} Nf6 {[%clk
00:29:22]} {[%emt 00:04:29]} 21. Bxb5 {[%clk 01:05:23]} {[%emt 00:03:15]} Nxe4
{[%clk 00:27:53]} {[%emt 00:01:59]} 22. Bxc6 {[%clk 01:05:33]} {[%emt
00:00:20]} bxc6 {[%clk 00:28:21]} {[%emt 00:00:01]} 23. Nxe5 {[%clk 01:05:26]}
{[%emt 00:00:38]} Nxc3 {[%clk 00:28:42]} {[%emt 00:00:08]} 24. Rc2 {[%clk
01:03:58]} {[%emt 00:01:59]} Rfa8 {[%clk 00:24:40]} {[%emt 00:04:32]} 25. Nxc6
{[%clk 01:04:01]} {[%emt 00:00:28]} Nxa2 {[%clk 00:24:23]} {[%emt 00:00:46]}
26. Kh2 {[%clk 01:01:32]} {[%emt 00:02:58]} Nc3 {[%clk 00:20:19]} {[%emt
00:04:35]} 27. Rac1 {[%clk 01:01:36]} {[%emt 00:00:27]} Nb5 {[%clk 00:19:49]}
{[%emt 00:00:59]} 28. Rc5 {[%clk 01:01:41]} {[%emt 00:00:25]} Nd6 {[%clk
00:20:06]} {[%emt 00:00:13]} 29. Ne7+ {[%clk 01:02:02]} {[%emt 00:00:09]} Kf8
{[%clk 00:18:59]} {[%emt 00:01:37]} 30. Nd5 {[%clk 01:02:26]} {[%emt 00:00:06]}
Ne8 {[%clk 00:16:52]} {[%emt 00:02:38]} 31. e4 {[%clk 01:01:26]} {[%emt
00:01:29]} Rb8 {[%clk 00:12:53]} {[%emt 00:04:29]} 32. e5 {[%clk 00:59:33]}
{[%emt 00:02:22]} Ra7 {[%clk 00:11:41]} {[%emt 00:01:43]} 33. Rf1 {[%clk
00:59:23]} {[%emt 00:00:40]} Kg8 {[%clk 00:11:25]} {[%emt 00:00:46]} 34. Ne7+
{[%clk 00:59:49]} {[%emt 00:00:05]} Kf8 {[%clk 00:11:02]} {[%emt 00:00:53]} 35.
Nc6 {[%clk 01:00:12]} {[%emt 00:00:06]} Rab7 {[%clk 00:11:11]} {[%emt
00:00:21]} 36. Nxb8 {[%clk 01:00:08]} {[%emt 00:00:34]} Rxb8 {[%clk 00:11:40]}
37. Rf4 {[%clk 01:00:22]} {[%emt 00:00:16]} Ke7 {[%clk 00:11:24]} {[%emt
00:00:46]} 38. Rd4 {[%clk 00:59:56]} {[%emt 00:00:56]} Rd8 {[%clk 00:09:20]}
{[%emt 00:02:34]} 39. Rxd8 {[%clk 01:00:08]} {[%emt 00:00:18]} Kxd8 {[%clk
00:09:49]} {[%emt 00:00:01]} 40. Kg3 {[%clk 01:00:29]} {[%emt 00:00:09]} Kd7
{[%clk 00:06:43]} {[%emt 00:03:36]} 41. b5 {[%clk 00:59:38]} {[%emt 00:01:20]}
g6 {[%clk 00:06:31]} {[%emt 00:00:42]} 42. Kf4 {[%clk 00:59:31]} {[%emt
00:00:38]} Ng7 {[%clk 00:06:13]} {[%emt 00:00:47]} 43. Rc6 {[%clk 00:59:47]}
{[%emt 00:00:15]} Ne6+ {[%clk 00:05:30]} {[%emt 00:01:12]} 44. Ke4 {[%clk
01:00:03]} {[%emt 00:00:15]} Ke7 {[%clk 00:28:07]} {[%emt 00:07:53]} 45. Ra6
{[%clk 01:29:40]} {[%emt 00:00:52]} Kd7 {[%clk 00:25:13]} {[%emt 00:03:25]} 46.
Ra7 {[%clk 01:29:14]} {[%emt 00:00:57]} h5 {[%clk 00:23:43]} {[%emt 00:01:59]}
47. h4 {[%clk 01:27:42]} {[%emt 00:02:02]} Kc8 {[%clk 00:22:59]} {[%emt
00:01:13]} 48. g3 {[%clk 01:26:32]} {[%emt 00:01:40]} Kb8 {[%clk 00:23:03]}
{[%emt 00:00:27]} 49. Ra2 {[%clk 01:26:51]} {[%emt 00:00:11]} Kb7 {[%clk
00:23:00]} {[%emt 00:00:34]} 50. Kd5 {[%clk 01:27:09]} {[%emt 00:00:12]} Kb6
{[%clk 00:22:56]} {[%emt 00:00:33]} 51. Kc4 {[%clk 01:27:27]} {[%emt 00:00:11]}
Nd8 {[%clk 00:22:12]} {[%emt 00:01:15]} 52. Ra8 {[%clk 01:27:26]} {[%emt
00:00:31]} Ne6 {[%clk 00:21:59]} {[%emt 00:00:43]} 53. Ra6+ {[%clk 01:27:46]}
{[%emt 00:00:10]} Kb7 {[%clk 00:22:23]} {[%emt 00:00:06]} 54. Kd5 {[%clk
01:28:05]} {[%emt 00:00:11]} Nd8 {[%clk 00:21:12]} {[%emt 00:01:41]} 55. Rf6
{[%clk 01:28:05]} {[%emt 00:00:30]} Kc8 {[%clk 00:20:33]} {[%emt 00:01:09]} 56.
e6 {[%clk 01:28:19]} {[%emt 00:00:16]} fxe6+ {[%clk 00:20:25]} {[%emt
00:00:37]} 57. Ke5 {[%clk 01:28:34]} {[%emt 00:00:15]} Kd7 {[%clk 00:20:44]}
{[%emt 00:00:12]} 58. Rxg6 {[%clk 01:28:50]} {[%emt 00:00:14]} Ke7 {[%clk
00:20:55]} {[%emt 00:00:19]} 59. g4 {[%clk 01:28:55]} {[%emt 00:00:25]} Kf7
{[%clk 00:20:33]} {[%emt 00:00:52]} 60. Rf6+ {[%clk 01:29:13]} {[%emt
00:00:13]} Ke7 {[%clk 00:20:05]} {[%emt 00:00:58]} 61. g5 {[%clk 01:29:17]}
{[%emt 00:00:25]} Nf7+ {[%clk 00:19:18]} {[%emt 00:01:16]} 62. Kd4 {[%clk
01:28:55]} {[%emt 00:00:53]} Nd6 {[%clk 00:19:28]} {[%emt 00:00:20]} 63. Kc5
{[%clk 01:28:45]} {[%emt 00:00:39]} Ne4+ {[%clk 00:17:45]} {[%emt 00:02:13]}
64. Kc6 {[%clk 01:29:12]} {[%emt 00:00:04]} Nc3 {[%clk 00:17:53]} {[%emt
00:00:22]} 65. Rf3 {[%clk 01:29:16]} {[%emt 00:00:25]} Nd5 {[%clk 00:18:17]}
{[%emt 00:00:07]} 66. g6 {[%clk 01:29:35]} {[%emt 00:00:11]} 1-0

[Event "DEM U14 2025"]
[Site "Willingen GER"]
[Date "2025.06.10"]
[Round "4"]
[White "Houben, Maximilian"]
[Black "Mandalka, Justus"]
[Result "0-1"]
[Termination "normal"]
[Board "8"]
[WhiteElo "1839"]
[BlackElo "2076"]
[WhiteClock "00:00:31"]
[BlackClock "00:04:38"]
[PlyCount "60"]
[WhiteFideId "34632760"]
[BlackFideId "16298144"]
[EventCountry "GER"]
[EventRounds "9"]
[EventType "swiss"]
[EventDate "2025.06.07"]

1. d4 {[%clk 01:30:52]} {[%emt 00:00:07]} d5 {[%clk 01:30:55]} {[%emt
00:00:04]} 2. c4 {[%clk 01:31:17]} {[%emt 00:00:06]} e6 {[%clk 01:31:20]}
{[%emt 00:00:05]} 3. Nc3 {[%clk 01:31:43]} {[%emt 00:00:04]} c5 {[%clk
01:31:47]} {[%emt 00:00:04]} 4. cxd5 {[%clk 01:31:51]} {[%emt 00:00:22]} exd5
{[%clk 01:32:11]} {[%emt 00:00:06]} 5. Nf3 {[%clk 01:32:12]} {[%emt 00:00:09]}
Nc6 {[%clk 01:32:37]} {[%emt 00:00:04]} 6. dxc5 {[%clk 01:32:30]} {[%emt
00:00:12]} d4 {[%clk 01:33:00]} {[%emt 00:00:07]} 7. Na4 {[%clk 01:32:08]}
{[%emt 00:00:52]} Nf6 {[%clk 01:25:46]} {[%emt 00:07:43]} 8. e3 {[%clk
01:26:25]} {[%emt 00:06:13]} Bg4 {[%clk 01:23:44]} {[%emt 00:02:32]} 9. Be2
{[%emt 00:12:25]} d3 {[%clk 01:03:01]} {[%emt 00:21:08]} 10. Qxd3 {[%clk
01:10:33]} {[%emt 00:04:32]} Qa5+ {[%clk 01:02:47]} {[%emt 00:00:45]} 11. Nc3
{[%clk 01:10:25]} {[%emt 00:00:37]} Bxc5 {[%clk 01:01:47]} {[%emt 00:01:30]}
12. O-O {[%clk 01:09:23]} {[%emt 00:01:32]} O-O {[%clk 01:01:32]} {[%emt
00:00:45]} 13. a3 {[%clk 01:05:38]} {[%emt 00:04:15]} Rad8 {[%clk 00:52:48]}
{[%emt 00:09:14]} 14. Qb1 {[%clk 01:05:23]} {[%emt 00:00:46]} Bd6 {[%clk
00:50:31]} {[%emt 00:02:46]} 15. Rd1 {[%clk 01:00:21]} {[%emt 00:05:32]} Qh5
{[%clk 00:41:21]} {[%emt 00:09:40]} 16. Qc2 {[%clk 00:40:58]} {[%emt 00:19:53]}
Bxf3 {[%clk 00:38:25]} {[%emt 00:03:26]} 17. Bxf3 {[%clk 00:41:24]} {[%emt
00:00:05]} Qxh2+ {[%clk 00:38:42]} {[%emt 00:00:12]} 18. Kf1 {[%clk 00:41:46]}
{[%emt 00:00:08]} Ne5 {[%clk 00:33:14]} {[%emt 00:05:57]} 19. Bxb7 {[%clk
00:40:30]} {[%emt 00:01:47]} Rfe8 {[%clk 00:16:30]} {[%emt 00:17:14]} 20. Bd2
{[%clk 00:35:53]} {[%emt 00:05:08]} Ng6 {[%clk 00:16:10]} {[%emt 00:00:49]} 21.
Ne4 {[%clk 00:31:29]} {[%emt 00:04:54]} Nxe4 {[%clk 00:15:52]} {[%emt
00:00:47]} 22. Bxe4 {[%clk 00:31:50]} {[%emt 00:00:10]} f5 {[%clk 00:15:47]}
{[%emt 00:00:35]} 23. Bd5+ {[%clk 00:15:56]} {[%emt 00:16:24]} Kh8 {[%clk
00:16:15]} {[%emt 00:00:01]} 24. f4 {[%clk 00:15:07]} {[%emt 00:01:19]} Bxf4
{[%clk 00:08:51]} {[%emt 00:07:54]} 25. Bc6 {[%clk 00:13:24]} {[%emt 00:02:13]}
Bg3 {[%clk 00:07:32]} {[%emt 00:01:49]} 26. Bc3 {[%clk 00:09:16]} {[%emt
00:04:39]} Nf4 {[%clk 00:03:21]} {[%emt 00:04:40]} 27. Bxg7+ {[%clk 00:07:31]}
{[%emt 00:02:16]} Kxg7 {[%clk 00:03:50]} 28. Qc3+ {[%clk 00:07:19]} {[%emt
00:00:42]} Kg6 {[%clk 00:03:56]} {[%emt 00:00:23]} 29. Bxe8+ {[%clk 00:00:31]}
{[%emt 00:07:19]} Rxe8 {[%clk 00:04:18]} {[%emt 00:00:08]} 30. Qc6+ {[%clk
00:00:31]} {[%emt 00:00:29]} Re6 {[%clk 00:04:38]} {[%emt 00:00:10]} 0-1